000 07613namaa22004451i 4500
003 EG-GICUC
005 20260421112658.0
008 260421s2022 ua a|||frm||| 000 0 eng d
040 _aEG-GICUC
_beng
_cEG-GICUC
_dEG-GICUC
_erda
041 0 _aeng
_beng
_bara
049 _aDeposit
082 0 4 _a610
092 _a610
_221
097 _aM.Sc
099 _aCai01.09.06.M.Sc.2022.Am.E
100 0 _aAml Saeed Mohamed Akl,
_epreparation.
245 1 0 _aEffect of archwire gauge on the rate of canine retraction in adults :
_ba randomized clinical trial /
_cby Aml Saeed Mohamed Akl ; Supervised Amr Hussein Labib , Fouad A. El Sharaby , Heba M. Dehis.
246 1 5 _aتأثير مقياس السلك على معدل سحب الناب في البالغين :
_b تجربة سريرية عشوائية
264 0 _c2022.
300 _a184 pages :
_billustrations ;
_c25 cm. +
_eCD.
336 _atext
_2rda content
337 _aUnmediated
_2rdamedia
338 _avolume
_2rdacarrier
502 _aThesis (M.Sc.)-Cairo University- Faculty of Oral and Dental Medicine
504 _aBibliography: pages 174-180.
520 3 _a The current study was conducted to investigate the effect of wire gauge on rate and type of tooth movement during sliding mechanics and its effect on root resorption of the teeth moved and amount of anchorage loss. Total of 36 canines of eighteen adult female patients with age range (16-26) years old who had dento-alveolar maxillary protrusion necessitating extraction of the maxillary first premolars were investigated in the study. Canines were retracted using Ni-Ti coil spring extending between canines’ brackets and second molars’ tubes which was used for anchorage while no additional anchorage means were used. Canines were retracted with 1.5 N force over three archwire gauges (0.016Ⅹ0.022”, 0.017Ⅹ0.025” and 0.19Ⅹ0.025”) St.St wires in three-arm parallel group study. 3D digital models were used in the assessment of monthly canine retraction rate, which was the primary outcome of the study and amount of first molar anchorage loss that was secondary outcome. CBCT images were used in the assessment of other secondary outcomes; amount of canine root resorption, change in canine tipping, torque and rotation occurred after 6 months of retraction. The results revealed that there was small difference in the mean rate of canine retraction between the three groups as canine was retracted by 1.01, 0.67 and 0.7 mm/month in 0.016Ⅹ0.022”, 0.017Ⅹ0.025” and 0.19Ⅹ0.025” St.St groups, respectively with no statistical significant difference between all groups (P-value=0.2). Canine tipping increased with the decrease in archwire gauge yet that tipping was of no statistical or clinical significant difference (P-value=0.085, CI= 8.15-11.42). Root resorption was significantly higher in 0.19Ⅹ0.025” St.St group 1.39±1.23 mm than the other two groups (0.5±0.66 and 0.41±0.55) mm in 0.016Ⅹ0.022” and 0.017Ⅹ0.025” St.St groups (pvalue=0.024). Additionally, there was statistical significant difference between 0.016Ⅹ0.022” and 0.017Ⅹ0.025” St.St groups regarding amount of anchorage loss (P-value=0.028) with no statistical significance between any other two groups. The mean value of anchorage loss was 1.71, 2.99 and 2.72 mm in 0.016Ⅹ0.022”, 0.017Ⅹ0.025” and 0.19Ⅹ0.025” St.St correspondingly. For the other outcomes, there was no significant difference among the groups. Within the limitation of the current study, archwire gauge has little effect on rate of canine retraction, tipping, torque or rotation with no statistical or clinical significance. Smaller archwire gauges have less adverse effect on anchor units and root resorption compared to larger archwires
520 3 _a•الدراسه المقدمه اجريت من اجل تقييم تأثير حجم السلك على معدل و طريقة حركة الناب خلال سحبه و تأثيره على تآكل جذر الناب المسحوب على السلك و على كميه خسارة الإرساء المقابل لحركة الاسنان. •إجمالي 32 ناب تم فحصهم في 18 بنت بالغه عمرهم يترواح بين 16-26 سنه واللاتي كان لديهم في بروز في الفك العلوي مما يتطلب خلع الضواحك الاولى لعلاج هذا البروز. تم شد الناب بإستخدام الزنبرك الملفوف المصنوع من النيكل و التايتانيوم و الذي امتد بين فص الناب و فص الضرس الثاني المستخدم في الارساء. تم شد الناب بقوة 1.5 نيوتن على ثلاثة احجام مختلفه من الاسلاك المعدنيه (”0.016Ⅹ0.022”,0.017Ⅹ0.025”,0.019Ⅹ0.025) في تجربه سريريه لها ثلاثة ذراع. نماذج ثلاثية الابعاد استخدمت في حساب الغرض الاولي من الدراسه وهو المعدل الشهري لحركة الناب و مسافة تحرك الاسنان المرساه والذي كان غرض ثانوي من البحث. تم استخدام الاشعه المقطعيه ثلاثية الابعاد في حساب اغراض ثويه اخرى وهي: تآكل جذر الناب, التغير في امالة الناب و عزمه و التفافه بعد ستة اشهر من شد الناب. • نتائج البحث اظهرت اختلاف صغير بين الاسلاك في متوسط الشد الشهري لحركة الناب, لقد تحرك بمعدل 1.01 مليميتر و 0.67 مليميتر و 0.7 مليميتر في (”0.016Ⅹ0.022”,0.017Ⅹ0.025”,0.019Ⅹ0.025) بالترتيب ولكن هذا الفرق لم يكن ذو اهميه احصائيه. امالة الناب ازدادت مع تناقص حجم السلك و لكن ايضا لم يكن الفرق ذو اهميه احصائيه او عمليه. ظهر تآكل الناب مع السلك المعدني ”0.019Ⅹ0.025 بمتوسط 1.39± 1.23.بينما كان تآكل الجذر بمتوسط 0.5±0.66 و 0.41±0.55 مع السلكان الاخران و هذا الفارق كان ذو اهميه احصائيه. بالاضافه الى ذلك كمية تحرك الاسان المرساه مع السلك المعدني ”0.017Ⅹ0.025 مقارنة بالسلكان الاخران كان ذو اهميه احصائيه مقارنة بالسلكان الاخران. •في ضوء القيود المفروضه على الدراسه يمكن استنتاج ما يلي: قد يكون هناك تاثير لاحجام الاسلاك المختلفه على حركة الناب و امالته اثناء شده و لكن بدون اهميه احصائيه. ولكن التاثير السلبي علي الاسنان المستخدمه في الارساء و تآكل الجذر اثناء الحركه يكون اقل مع الاسلاك المعدنيه ضغيرة الحجم
530 _aIssues also as CD.
546 _aText in English and abstract in Arabic & English.
650 0 _aOrthodontics
650 0 _aOrthodontics
653 1 _aOrthodontics
700 0 _aAmr Hussein Labib
_eReviewer.
700 0 _aFouad A. El Sharaby
_ethesis advisor.
700 0 _aHeba M. Dehis
_ethesis advisor.
900 _b01-01-2022
_cAmr Hussein Labib
_cFouad A. El Sharaby
_cHeba M. Dehis
_UCairo University
_FFaculty of Oral and Dental Medicine
_DDepartment of Orthodontics
905 _aShimaa
942 _2ddc
_cTH
_e21
_n0
999 _c179645